| 000 | 00646nam a2200181Ia 4500 | ||
|---|---|---|---|
| 999 |
_c64465 _d64465 |
||
| 003 | GCL | ||
| 005 | 20240530110733.0 | ||
| 008 | 140319s9999 xx 000 0 ara d | ||
| 040 |
_aGCL / _cGCL |
||
| 082 | 0 | 4 |
_a152.8\ _bع ا |
| 100 | 1 | _aعبدالرحمن عيسوى | |
| 245 | 1 | 0 |
_aالاعصبة النفسية والذهانات العقلية : _b بحث ميدانى فى الامراض النفسية والعقلية الشائعة / _cعبدالرحمن عيسوى |
| 300 | _a340 ص | ||
| 650 | 0 | 4 | _aالامراض النفسية |
| 650 | 0 | 4 | _aالامراض العقلية |
| 650 | 0 | 4 | _aعلم النفس , الطب |
| 942 |
_2ddc _cBK |
||